Quizzes
Events
Quiz Creation
Community
Videos
Private Events
Remove Ads
Sign In
Join for FREE
Feedback
Dark Mode
Quiz Categories
Sports
Geography
Music
Movies
Television
Just For Fun
Miscellaneous
History
Literature
Language
Science
Gaming
Entertainment
Religion
Holiday
For Kids
Quiz Lab
Recent
Popular Today
Quiz Kudos Today
Editor Picks
Curator Picks
Quizzes by...
Day
Popularity
Type
Ratings
Length
Year
Community
Subscriptions
Recent Discussions
Orange Saloon
Badges
Playlists
Quests
Create
Leaderboards
Showdown
Live 5
Trivia Bingo
Activity
Puzzle Library
Sporcle Events
Private Events
Virtual Trivia
Globe League
Become a Host
Pub Owners
SporcleCon
Opinionation
Our Games
Videos
Blog
Mobile Apps
Partnerships
Remove Ads and Go Orange
Feedback
Language
Vocabulary
Begins and Ends
Definition
Spanish
French
German
Italian
Chinese
Latin
Translation
Japanese
Language
Vocabulary
Begins and Ends
Definition
Spanish
French
German
Italian
Chinese
Latin
Translation
Japanese
Random Quiz
Search Sporcle
×
Quiz Lab
Quiz Lab
Language
Vocabulary
Type in answers that appear in a list
Type in answers that appear in a list
Classic
Best Score? Go Orange.
Ovid Vocabulary Test Stats
Can you name the Ovid Vocabulary Test?
By
Megs4
20m
49 Questions
39 Plays
39 Plays
39 Plays
Comments
Comments
Give Quiz Kudos
Give Quiz Kudos
-
- Ratings
hide this ad
Replay
Link that replays current quiz
Next Quiz
Link to next quiz in quiz playlist
You Got
0%
They Got
Avg Score
56%
Avg Friend Score
Upgrade to see
Score Distribution
Jump to the score distribution portion of the page
Score
0/49
Timer
20:00
0
Plays Today
Latin
English
% Correct
tango, tangere, tetigi, tactum
touch
87.2%
malus, peior, pessimus
bad
84.6%
os, oris
mouth
82.1%
morior, mori, mortuus sum
die
82.1%
nomen, nominis
name
79.5%
vir, viri
man
79.5%
dux, ducis
leader
79.5%
mare, maris
sea
76.9%
indignus, a, um
unworthy
74.4%
magnus, maior, maximus
big
74.4%
avis, is
bird
71.8%
arcus, us
bow
69.2%
divus, a, um
of a deity
69.2%
ardeo, ardere, arsi
burn
66.7%
moror, ari
delay
66.7%
ala, ae
wing
64.1%
constituo, tuere, titui, tutus
decide
64.1%
iuvo, iuvare, iuvi, iutus
please
64.1%
rumpo, rumpere, rupi, ruptus
tear
61.5%
virgo, virginis
maiden
61.5%
ferus, a, um
wild
59%
vires
strength
59%
orior, oriri, ortus sum
rise
59%
collum
neck
56.4%
pharetra, ae
quiver
53.8%
Latin
English
% Correct
facies, ei
form
53.8%
nimis
too much
51.3%
spargo, spagere, sparsi, sparsus
scatter
51.3%
aper, apri
boar
51.3%
consisto, consistere, constiti, titus
stand still
51.3%
vis, viris
force
51.3%
inanis, e
empty
48.7%
arx, arcis
stronghold
48.7%
infestus, a, um
unsafe
48.7%
ora, orae
border
48.7%
siccus, a, um
dry
48.7%
virga, virgae
stick
48.7%
rogus, i,
funeral pyre
46.2%
fax, facis
torch
46.2%
adversus, a, um
hostile
46.2%
prodo, ere, didi, ditus
betray
43.6%
confundo, fundere, fusi, fusum
pour together
38.5%
fera, ae
wild beast
38.5%
numen, numinis
divine power
38.5%
lateo, latere, latui
hide
33.3%
destringo, ere inxi, ictus
draw
33.3%
tundo, tundere, tutudi, tunsum
beat
28.2%
venia, ae
mercy
25.6%
prodeo, ire, ii, itus
come forth
20.5%
Quiz Playlist
Details
Report
Send in Message
Add To Playlist
Classic:
Type in answers that appear in a list
Last Updated: Feb 16, 2017
Quiz Scoreboard
CHALLENGE
Sign Up to Join the Scoreboard
Show All
Scores
Hide
Comments
May contain spoilers
Recently Published
One Thing in Common: World Cities II
by knightlancer
Geography
7m
Popular People in 1961
by mucciniale
History
6m
1-10 Letter E Words III
by El_Dandy
Language
2m
More to Explore
Quiz From the Vault
Featured Blog Post
Where Did the Easter Bunny Come From?
hide this ad
You Might Also Like...
Tags
Vocabulary Quiz
Ovid
test
Today's Top Quizzes in Language
Browse Language
hide this ad
Today's Top Quizzes in Vocabulary
Browse Vocabulary
Top Contributed Quizzes in Language
1
Order Up: Top 10 Most Native Spoken Languages
2
1-10 Letter F Words III
3
1-10 Letter G Words III
4
One Thing in Common: Italy
5
1-10 Letter H Words III
6
1-10 Letter I Words III
7
Hiragana Speed Reading
8
Begins and Ends With AN
9
Vocabulary 5
10
1-10 Letter J Words III
Explore More
Trending Topics
Marvel
Crossword
Disney
NBA
Anime
Kpop
Harry Potter
Puzzle
The Office
Soccer
NFL
Song
Country
Pokémon
WWE
hide this ad
More By:
Megs4
Quiz
Plays
Rating
Category
Featured
Created
Complete the UK Song Lyrics
463
5.00
Music
Feb 28, 2012
Ovid Vocabulary Test
39
1.00
Language
Mar 29, 2012
Ovid Vocab Test Part 3
21
1.00
Language
Apr 26, 2012
Ovid Vocabulary Test 2
15
1.00
Language
Apr 16, 2012
Go to Creator's Profile
Score Distribution
Quiz Creator Spotlight
Megs4
Follow
Send a Message
Quizzes Created
-
Created Quiz Play Count
-
More By This Creator
Popular Quizzes Today
1
Find the US States - No Outlines Minefield
2
The Countries of the World
3
Find the Countries of Europe - No Outlines Minefield
4
Popular People in 1961
5
1-10 Letter E Words III
6
Find the US States
7
One Thing in Common: World Cities II
8
US States
More Language Quizzes
7-Letter Word Scramble IV
Published
Trending Quizzes
Risky Map Clicking: Least Populous States A-Z
1-10 Letter F Words
1-10 Letter G Words
One Thing in Common: United Kingdom
Risky Map Clicking: Next State Alphabetically
Recently Updated
Leaping Animals
pecheneg
Reality TV Shows (A-Z)
bhenderson79
Rickey Henderson's Hall of Fame Teammates
pecheneg
Champions League XIs: Arsenal
pecheneg
Quick Pick: Celebrities in WWE's Hall of Fame
aduchscher
A-Z Keypad Blitz II
pecheneg
Multiple Oscar Actors
pecheneg
Mystery Phrase Blitz: Oscar 'Best Actors'
pecheneg
F. Scott Fitzgerald Novels
LTH
Pick 3 Villains
ddd62291
Trending Topics
Anime
Crossword
Kpop
NBA
Harry Potter
Disney
Marvel
Soccer
Song
Puzzle
WWE
Pokémon
NFL
Country
The Office
Your Account Isn't Verified!
In order to create a playlist on Sporcle, you need to verify the email address you used during registration. Go to your
Sporcle Settings
to finish the process.
Report this User
Report this user for behavior that violates our
Community Guidelines
.
Details:
Send Report
Go to the Sporcle.com Mobile Site →
Comments